000 00302nam a22001337a 4500
008 180922b xxu||||| |||| 00| 0 eng d
020 _a9780323074612
041 _aeng
080 _a610.73
100 _a2
101 _aINF
245 _aPriorities in Critical Nursing
_cUrden, L.D
942 _2udc
_cBK
999 _c48297
_d48297